[Event "40th Olympiad Open"]
[Site "Istanbul TUR"]
[Date "2012.09.04"]
[Round "7.59"]
[Board "3"]
[White "Van Hoolandt, Patrick"]
[Black "Al-Hadarani, Hatim"]
[Result "0-1"]
[WhiteTitle "FM"]
[BlackTitle "FM"]
[WhiteElo "2171"]
[BlackElo "2263"]
[WhiteTeam "Monaco"]
[BlackTeam "Yemen"]
[WhiteFideId "200999"]
[BlackFideId "9400273"]
[EventDate "2012.08.28"]

1. d4 Nf6 2. c4 d6 3. Nc3 Nbd7 4. Nf3 e5 5. e4 Be7 6. Be2 O-O 7. O-O c6 8. Rb1
a5 9. b3 Re8 10. Re1 Bf8 11. Bf1 exd4 12. Nxd4 Nc5 13. f3 d5 14. cxd5 Bd6 15. g3
Qc7 16. dxc6 Bxg3 17. hxg3 Qxg3+ 18. Bg2 Bh3 19. Rb2 Rad8 20. Rf2 Nd3 21. Qxd3
Ng4 22. fxg4 Qxd3 23. Re3 Qxd4 24. c7 Rc8 25. Rxh3 Rxc7 26. Bb2 Rec8 27. Nd5
Rc1+ 28. Bxc1 Rxc1+ 29. Bf1 Qxe4 30. Re3 Qxg4+ 31. Rg2 Qd4 32. Nf6+ Kh8 33. Ng4
h5 34. Kf2 Rc2+ 35. Be2 hxg4 36. Rg3 f5 37. Kg2 Kh7 38. Rd3 Rxe2+ 0-1

[Event "40th Olympiad Open"]
[Site "Istanbul TUR"]
[Date "2012.09.04"]
[Round "7.59"]
[Board "4"]
[White "Salman, Saleh"]
[Black "Nelis, Jean-Francois"]
[Result "0-1"]
[WhiteElo "2004"]
[BlackElo "2207"]
[WhiteTeam "Yemen"]
[BlackTeam "Monaco"]
[WhiteFideId "9400621"]
[BlackFideId "623830"]
[EventDate "2012.08.28"]

1. e4 e6 2. d4 d5 3. e5 c5 4. c3 Qb6 5. Nf3 Nc6 6. Be2 cxd4 7. cxd4 Nh6 8. Nc3
Nf5 9. Bb5 Bd7 10. Be3 a6 11. Bxc6 Bxc6 12. Rb1 Be7 13. Qd2 Nxe3 14. fxe3 O-O
15. O-O Rac8 16. a3 Qb3 17. Rfc1 Rc7 18. Qf2 Rfc8 19. Nd2 Qb6 20. Rf1 Bf8 21.
Nf3 h6 22. g4 Bb5 23. Nxb5 Qxb5 24. g5 Qd3 25. Rbd1 Qg6 26. h4 Be7 27. Rd2 hxg5
28. hxg5 Bxg5 29. Nxg5 Qxg5+ 30. Kh1 Qh5+ 31. Kg1 Rc1 32. Re2 Qg6+ 33. Kh1 R8c2
34. Rxc1 Rxc1+ 35. Re1 Rc2 36. Re2 Qh5+ 0-1

[Event "40th Olympiad Open"]
[Site "Istanbul TUR"]
[Date "2012.09.04"]
[Round "7.61"]
[Board "1"]
[White "Jones, Richard S."]
[Black "Pace, Colin"]
[Result "1/2-1/2"]
[WhiteTitle "IM"]
[BlackTitle "CM"]
[WhiteElo "2393"]
[BlackElo "2136"]
[WhiteTeam "Wales"]
[BlackTeam "Malta"]
[WhiteFideId "1800833"]
[BlackFideId "5600189"]
[EventDate "2012.08.28"]

1. e4 c5 2. Nf3 e6 3. d4 cxd4 4. Nxd4 Nf6 5. Nc3 Nc6 6. Ndb5 Bc5 7. Bf4 O-O 8.
Bc7 Qe7 9. Bd6 Bxd6 10. Qxd6 Qd8 11. Nc7 Rb8 12. Be2 a6 13. e5 Ne8 14. Nxe8 Qxe8
15. O-O-O Qe7 16. f4 Qxd6 17. Rxd6 f6 18. exf6 Rxf6 19. g3 Nd8 20. Ne4 Rf5 21.
Rb6 Ra8 22. Nd6 Rc5 23. Bf3 Rc7 24. c3 Kf8 25. Rd1 Ke7 26. Be4 h6 27. a4 Rb8 28.
Bg6 Rc6 29. a5 Rc5 30. c4 Rxa5 31. b4 Ra2 32. Rd2 Rxd2 33. Kxd2 Nc6 34. c5 Kd8
35. Kc3 Ne7 36. Be4 Nc6 37. h4 Ne7 38. g4 h5 39. gxh5 Ng8 40. Kd4 Nf6 41. Bf3
Ng8 42. Ke5 Nh6 43. f5 exf5 44. Nxf5 Nxf5 45. Kxf5 Ke7 46. Kg6 Kf8 47. Bd5 a5
48. bxa5 Ra8 49. Bxb7 Bxb7 50. Rxb7 Ra6+ 51. Rb6 Rxa5 52. Rb8+ Ke7 53. Kxg7 Ra4
54. Rb6 Rg4+ 55. Rg6 Rf4 56. Rg1 Rf7+ 57. Kg6 Rf6+ 58. Kg5 Rc6 59. h6 Kf7 60.
Rf1+ Kg8 61. Rf5 d6 62. Rf6 Rxc5+ 63. Kg6 Rc7 64. Rxd6 Rg7+ 65. Kf5 Rg1 66. Rd7
Kh8 67. Kf6 Rf1+ 68. Kg6 Rg1+ 69. Kh5 Rg2 70. Rd5 Ra2 71. Rf5 Rg2 72. Rg5 Ra2
73. Rd5 Rg2 74. Rd7 Rg1 75. h7 Rg7 76. Rxg7 1/2-1/2

[Event "40th Olympiad Open"]
[Site "Istanbul TUR"]
[Date "2012.09.04"]
[Round "7.61"]
[Board "3"]
[White "Jones, Iolo C"]
[Black "Zerafa, Robert"]
[Result "1-0"]
[WhiteTitle "CM"]
[WhiteElo "2243"]
[BlackElo "2068"]
[WhiteTeam "Wales"]
[BlackTeam "Malta"]
[WhiteFideId "1800094"]
[BlackFideId "5600618"]
[EventDate "2012.08.28"]

1. Nf3 Nf6 2. d4 g6 3. g3 d5 4. Bg2 Bg7 5. O-O O-O 6. Nbd2 c5 7. dxc5 Na6 8. Nb3
Ne4 9. Ng5 Nxg5 10. Bxg5 Bxb2 11. Rb1 Bg7 12. Qxd5 Qxd5 13. Bxd5 Nb4 14. Bf3 e5
15. Na5 Nxa2 16. Bd2 e4 17. Bxe4 Nc3 18. Bxc3 Bxc3 19. Nxb7 a5 20. Nd6 Bh3 21.
Bxa8 Bxf1 22. Bd5 Bxe2 23. Rb7 Kg7 24. h4 Bb4 25. Nxf7 Kf6 26. c6 Bg4 27. Ng5
Ke5 28. Rb5 Bc8 29. Bg2+ Kd6 30. c3 Rf5 31. Rxf5 Bxf5 32. cxb4 axb4 33. Nf3 Kxc6
34. Nd4+ Kc5 35. Nxf5 gxf5 36. Bh3 Kd5 1-0

[Event "40th Olympiad Open"]
[Site "Istanbul TUR"]
[Date "2012.09.04"]
[Round "7.61"]
[Board "4"]
[White "Psaila, Clarence"]
[Black "Brown, Thomas"]
[Result "0-1"]
[WhiteElo "2026"]
[BlackElo "2104"]
[WhiteTeam "Malta"]
[BlackTeam "Wales"]
[WhiteFideId "5600359"]
[BlackFideId "1801430"]
[EventDate "2012.08.28"]

1. e4 c6 2. d4 d5 3. e5 Bf5 4. Nf3 e6 5. Be2 c5 6. c3 Nc6 7. O-O Bg4 8. Nbd2
cxd4 9. Nxd4 Bxe2 10. Qxe2 Nxd4 11. cxd4 Ne7 12. Qb5+ Qd7 13. Qxd7+ Kxd7 14. Nf3
Nc6 15. Be3 Be7 16. Rac1 a5 17. a3 a4 18. Rc3 Na5 19. Nd2 b5 20. Rfc1 Nc4 21.
Nxc4 bxc4 22. R1c2 Bd8 23. Bd2 Ba5 24. Rf3 Bxd2 25. Rxd2 Ke7 26. Kf1 f6 27. Re3
fxe5 28. Rxe5 Ra6 29. Rde2 Kf7 30. f4 Rd8 31. f5 exf5 32. Rxf5+ Rf6 33. Rxf6+
gxf6 34. Ke1 Rb8 35. Kd1 Rb3 36. Kc2 Rd3 37. Rd2 Re3 38. Rf2 Kg6 39. Kd2 Rd3+
40. Kc2 Rxd4 41. Kc3 Rd3+ 42. Kb4 Kf7 43. Re2 f5 44. Kxa4 Rb3 45. Re5 Rxb2 46.
Rxd5 Ke6 47. Rd4 c3 48. Rc4 c2 49. h4 f4 50. h5 Kf5 51. Ka5 Kg4 52. a4 Kg3 53.
Ka6 Kxg2 54. a5 f3 55. Rc7 f2 56. Rg7+ Kh3 0-1

[Event "40th Olympiad Open"]
[Site "Istanbul TUR"]
[Date "2012.09.04"]
[Round "7.62"]
[Board "1"]
[White "Liu, Yeh Yang"]
[Black "Gohil, Mehul"]
[Result "1-0"]
[WhiteElo "1883"]
[BlackElo "2072"]
[WhiteTeam "Chinese Taipei"]
[BlackTeam "Kenya"]
[WhiteFideId "16300416"]
[BlackFideId "10800999"]
[EventDate "2012.08.28"]

1. e4 c5 2. Nf3 d6 3. c3 Nf6 4. Bd3 Nc6 5. Bc2 Bg4 6. d4 e6 7. O-O Be7 8. Na3
O-O 9. Bf4 cxd4 10. cxd4 Qb6 11. d5 Nb4 12. Be3 Qa6 13. Bb3 Nd3 14. dxe6 Ne5 15.
exf7+ Kh8 16. Bg5 Rad8 17. Nc2 Nxf7 18. Bxf7 Rxf7 19. Ne3 Bh5 20. Nf5 Re8 21.
Re1 Bf8 22. Ng3 Bg6 23. e5 dxe5 24. Nxe5 Rfe7 25. Nxg6+ hxg6 26. Rxe7 Bxe7 27.
Qc2 Kh7 28. b3 Bd6 29. Rd1 Bxg3 30. hxg3 Re2 31. Qc4 Qxc4 32. bxc4 Ne4 33. Be3
Rxa2 34. Rd7 Ra1+ 35. Kh2 b6 36. Bd4 Rd1 37. Rxg7+ Kh6 38. Rd7 Nxf2 39. g4 Nxg4+
40. Kg3 Kh5 41. Rd8 Nh6 42. Bxb6 Nf5+ 43. Kf3 Nh4+ 44. Kf2 Ra1 45. Rd5+ Kg4 46.
Rd4+ Kh5 47. g4+ Kh6 48. Bd8 g5 49. Rd6+ Ng6 50. c5 Rc1 51. c6 Kg7 52. Bxg5 Rc2+
53. Ke3 Kf7 54. Bf6 a5 55. g5 a4 56. Kd3 Rc1 57. Bc3 Rd1+ 58. Bd2 a3 59. c7 Ne7
60. Ra6 Ke8 61. Rxa3 Kd7 62. Rc3 Kc8 63. Rc5 Ra1 64. Bc3 Ra7 65. Bf6 Ng6 66. Bd8
Nf4+ 67. Ke4 Ne6 68. Rd5 Nxc7 69. Bxc7 Rxc7 70. g6 Rc1 71. Kf5 Rf1+ 72. Kg5 Rg1+
73. Kf6 Rf1+ 74. Rf5 Rg1 75. g7 Kd7 76. Rg5 1-0

[Event "40th Olympiad Open"]
[Site "Istanbul TUR"]
[Date "2012.09.04"]
[Round "7.62"]
[Board "4"]
[White "Magana, Ben"]
[Black "Shiau, Suen-Wen"]
[Result "1-0"]
[WhiteElo "2032"]
[BlackElo "1788"]
[WhiteTeam "Kenya"]
[BlackTeam "Chinese Taipei"]
[WhiteFideId "10800166"]
[BlackFideId "16300211"]
[EventDate "2012.08.28"]

1. e4 c5 2. Nf3 g6 3. c3 Bg7 4. d4 cxd4 5. cxd4 d5 6. exd5 Qxd5 7. Nc3 Qa5 8.
Bd2 Qd8 9. Bc4 Nf6 10. O-O O-O 11. h3 e6 12. Bf4 a6 13. a4 Nc6 14. Qd2 Re8 15.
Rad1 Nd5 16. Bh6 Bh8 17. Rfe1 Nb6 18. Bb3 Ne7 19. g4 Nbd5 20. Ne4 Nf6 21. Neg5
Ned5 22. Ne5 Re7 23. Qe2 Bd7 24. Qf3 Bc6 25. Ngxf7 Qe8 26. Nxc6 bxc6 27. Ne5 Rb8
28. Bc1 Bg7 29. Bc4 Ra8 30. b3 Rc7 31. Ba3 Rb7 32. Nd3 Rf7 33. Ne5 Rb7 34. Re2
Qc8 35. Rde1 Rba7 36. Nxc6 Qxc6 37. Rxe6 Qd7 38. Re7 Qd8 39. Rxa7 Rxa7 40. g5
Rd7 41. gxf6 Bxf6 42. Re6 Kg7 43. Bc5 Nc7 44. Re4 a5 45. Bb6 Rd6 46. Bxa5 Qd7
47. Rf4 Ne8 48. d5 Qf7 49. Bb4 Rb6 50. d6 Qb7 51. Qxb7+ Rxb7 52. Bb5 Be5 53. d7
Rxd7 54. Bxd7 Nf6 55. Rxf6 1-0

[Event "40th Olympiad Open"]
[Site "Istanbul TUR"]
[Date "2012.09.04"]
[Round "7.63"]
[Board "1"]
[White "Abdulwahhab, Ahmed Abdulsattar A"]
[Black "Al-Hageri, Badr"]
[Result "1-0"]
[WhiteTitle "FM"]
[WhiteElo "2314"]
[BlackElo "2072"]
[WhiteTeam "Iraq"]
[BlackTeam "Kuwait"]
[WhiteFideId "4801849"]
[BlackFideId "10300163"]
[EventDate "2012.08.28"]

1. e4 e5 2. Nf3 Nf6 3. Nxe5 d6 4. Nf3 Nxe4 5. d4 d5 6. Bd3 Nc6 7. O-O Be7 8. c4
Nb4 9. Be2 O-O 10. Nc3 Be6 11. Be3 Bf5 12. Rc1 Nxc3 13. bxc3 Nxa2 14. Rc2 Bxc2
15. Qxc2 Nxc3 16. Qxc3 dxc4 17. Bxc4 Bf6 18. Qb4 Rb8 19. Rc1 Qd7 20. Bf4 a6 21.
Ba2 Be7 22. Qb3 Bd6 23. Ne5 Qf5 24. Bg3 g6 25. Rc3 Qe4 26. Qd1 Bxe5 27. Bxe5
Rbd8 28. Re3 Qh4 29. g3 Qh3 30. Qf3 Qf5 31. Qxb7 Rb8 32. Qf3 Qxf3 33. Rxf3 Rb2
34. Bc4 a5 35. d5 Rc2 36. Bb3 Rc5 37. Kg2 h6 38. Bf4 g5 39. Be3 Rc3 40. Ba4 f5
41. Bd7 f4 42. gxf4 gxf4 43. Bxf4 Rxf3 44. Kxf3 Kh7 45. Ke4 Rf7 46. Bc6 h5 47.
h4 Rg7 48. f3 Re7+ 49. Be5 1-0

[Event "40th Olympiad Open"]
[Site "Istanbul TUR"]
[Date "2012.09.04"]
[Round "7.64"]
[Board "1"]
[White "Meza Martinez, Alcides Ivan"]
[Black "Elarbi, Abobker"]
[Result "0-1"]
[WhiteElo "2187"]
[BlackElo "2259"]
[WhiteTeam "Honduras"]
[BlackTeam "Libya"]
[WhiteFideId "8400610"]
[BlackFideId "9200355"]
[EventDate "2012.08.28"]

1. c4 g6 2. g3 Bg7 3. Bg2 e5 4. Nc3 Ne7 5. d3 O-O 6. e4 Nbc6 7. Nge2 d6 8. O-O
Be6 9. Nd5 Qd7 10. Bg5 f6 11. Be3 Nd8 12. d4 Rf7 13. Qd2 b6 14. b4 a5 15. a3 Nb7
16. Rac1 axb4 17. axb4 Rff8 18. Rc2 Rfb8 19. Rfc1 Nd8 20. Nec3 Nc8 21. b5 Nb7
22. Ne2 Ra3 23. Ra2 Rba8 24. Rca1 R3a5 25. Bf1 Ne7 26. Nec3 Nxd5 27. cxd5 Bh3
28. Be2 f5 29. Rxa5 Rxa5 30. Rxa5 Nxa5 31. dxe5 Bxe5 32. f4 Bg7 33. Bd3 fxe4 34.
Nxe4 Bf5 35. Ng5 h6 36. Bxf5 Qxf5 37. Ne6 Nc4 38. Nxg7 Qb1+ 39. Qc1 Qxc1+ 40.
Bxc1 Kxg7 41. Kf2 Kf6 42. Kf3 h5 43. Ke4 Kf7 44. h3 Kf6 45. g4 hxg4 46. hxg4 Kf7
47. Kd3 Na5 48. Be3 Nb7 49. Bf2 Nc5+ 50. Kd4 g5 51. Be3 gxf4 52. Bxf4 Kg6 53.
Ke3 Nd7 54. Kd4 Nf6 55. g5 Nh7 56. Bg3 Nxg5 57. Ke3 Kf5 58. Bh4 Kg4 59. Be1 Nh7
60. Bc3 Kf5 61. Bg7 Ng5 62. Kd4 Nf3+ 63. Ke3 Ne5 64. Kd4 Ng4 65. Kc4 Ke4 66. Bf8
Ke5 67. Kd3 0-1

[Event "40th Olympiad Open"]
[Site "Istanbul TUR"]
[Date "2012.09.04"]
[Round "7.64"]
[Board "2"]
[White "Al-Zayat, Ahmed"]
[Black "Huguet, Sergio"]
[Result "1/2-1/2"]
[WhiteTitle "FM"]
[BlackTitle "FM"]
[WhiteElo "1977"]
[BlackElo "2094"]
[WhiteTeam "Libya"]
[BlackTeam "Honduras"]
[WhiteFideId "9200380"]
[BlackFideId "2212552"]
[EventDate "2012.08.28"]

1. d4 Nf6 2. Nf3 g6 3. Nbd2 Bg7 4. e4 d6 5. Be2 O-O 6. O-O c5 7. c3 cxd4 8. cxd4
b6 9. Re1 Bb7 10. Bf1 Nbd7 11. b3 Rc8 12. Ba3 a6 13. Rc1 Rxc1 14. Qxc1 Qb8 15.
e5 Rc8 16. Qb1 dxe5 17. dxe5 Nd5 18. e6 fxe6 19. Rxe6 Nc5 20. Bxc5 Rxc5 21. Bc4
b5 22. Bxd5 Bxd5 23. Rxe7 Qf4 24. Qd3 Rc1+ 25. Re1 Rxe1+ 26. Nxe1 Qd4 27. Qxd4
Bxd4 28. Kf1 a5 29. Ke2 a4 30. f3 Bc3 31. Ne4 Bg7 32. bxa4 bxa4 33. a3 Bb3 34.
Nd3 Bf8 35. Ndc5 Bc2 36. h3 Kf7 37. Ng5+ Kg8 38. Nge6 Be7 39. g4 Bb3 40. Nxb3
axb3 41. Kd3 Bxa3 42. Kc3 b2 43. Kc2 h6 44. Nf4 Kf7 45. h4 Kf6 46. Nd3 h5 47.
gxh5 gxh5 48. Nf4 Kf5 49. Nxh5 Be7 50. Ng7+ Kg6 51. Ne6 Bxh4 52. Kxb2 Kf5 1/2-1/2

[Event "40th Olympiad Open"]
[Site "Istanbul TUR"]
[Date "2012.09.04"]
[Round "7.64"]
[Board "3"]
[White "Bobadilla, Yelso"]
[Black "Asabri, Hussien"]
[Result "1-0"]
[BlackTitle "FM"]
[WhiteElo "1874"]
[BlackElo "2211"]
[WhiteTeam "Honduras"]
[BlackTeam "Libya"]
[WhiteFideId "8400970"]
[BlackFideId "9200177"]
[EventDate "2012.08.28"]

1. e4 e5 2. Nf3 Nc6 3. Bc4 Nf6 4. d3 Bc5 5. Bg5 h6 6. Bh4 d6 7. c3 g5 8. Bg3 Nh5
9. d4 Nxg3 10. fxg3 Bb6 11. O-O O-O 12. Kh1 Bg4 13. h3 Bh5 14. d5 Ne7 15. Nbd2
Kg7 16. g4 Bg6 17. g3 Qd7 18. Kg2 f6 19. Qe2 Rh8 20. Nh2 h5 21. Bb5 c6 22. dxc6
bxc6 23. Bc4 d5 24. Bd3 Rad8 25. Bc2 dxe4 26. Nxe4 Nd5 27. Rf3 hxg4 28. Nxg4
Bxe4 29. Qxe4 Ne3+ 30. Rxe3 Bxe3 31. Qg6+ Kf8 32. Qxf6+ Ke8 33. Qxh8+ Ke7 34.
Qf6+ 1-0

[Event "40th Olympiad Open"]
[Site "Istanbul TUR"]
[Date "2012.09.04"]
[Round "7.65"]
[Board "4"]
[White "Yaaqoub, Rashid"]
[Black "Tamra, Attallah"]
[Result "1/2-1/2"]
[WhiteTitle "FM"]
[WhiteElo "2196"]
[BlackElo "2084"]
[WhiteTeam "Sudan"]
[BlackTeam "Palestine"]
[WhiteFideId "12200336"]
[BlackFideId "11500255"]
[EventDate "2012.08.28"]

1. e4 c5 2. Nf3 g6 3. c4 Nc6 4. d4 cxd4 5. Nxd4 Nf6 6. Nc3 d6 7. Be2 Nxd4 8.
Qxd4 Bg7 9. Be3 O-O 10. Qd2 Be6 11. f3 Qa5 12. O-O Rfc8 13. Rfc1 Bxc4 14. Nd5
Qxd2 15. Nxe7+ Kf8 16. Bxd2 Kxe7 17. Bxc4 Nd7 18. Rab1 Bd4+ 19. Kf1 Nb6 20. b3
Nxc4 21. bxc4 b6 22. Ke2 Ke6 23. Rb5 Bc5 24. Rd1 f5 25. Bh6 Re8 26. exf5+ Kxf5+
27. Kf1 Kf6 28. Bf4 Re6 29. Rb2 Rc8 30. Re2 Bb4 31. Rxe6+ Kxe6 32. Rd4 Kd7 33.
Ke2 Re8+ 34. Re4 Rxe4+ 35. fxe4 Bc3 36. Kd3 Bf6 37. a4 Kc6 38. Be3 Be5 39. h3 a6
40. Bd4 Bg3 41. Ke3 Be5 42. Kd3 Bg3 43. Ke2 Be5 44. Ke3 Bg3 45. Kf3 Be1 46. Be3
b5 47. cxb5+ axb5 48. axb5+ Kxb5 49. Kg4 Kc4 50. Bf4 Kd4 51. Bxd6 Kxe4 52. Kg5
Bd2+ 53. Kf6 Bf4 54. Bc5 Be5+ 55. Ke6 h5 56. Be7 Bg3 57. Bg5 Be5 58. Bf6 Bf4 59.
Bc3 Bc1 60. Kf6 g5 61. Kg6 h4 62. Bf6 Kf4 63. Kh5 Kf5 64. Bc3 Be3 65. Be1 Bc1 1/2-1/2

[Event "40th Olympiad Open"]
[Site "Istanbul TUR"]
[Date "2012.09.04"]
[Round "7.66"]
[Board "3"]
[White "Abrantes, Persson"]
[Black "Farley, Terry"]
[Result "1/2-1/2"]
[BlackTitle "IM"]
[WhiteElo "1967"]
[BlackElo "2255"]
[WhiteTeam "Mozambique"]
[BlackTeam "Barbados"]
[WhiteFideId "14800063"]
[BlackFideId "11100095"]
[EventDate "2012.08.28"]

1. d4 Nf6 2. c4 g6 3. Nc3 Bg7 4. e4 d6 5. f3 O-O 6. Be3 Nc6 7. Qd2 a6 8. Nge2
Rb8 9. Bh6 Bxh6 10. Qxh6 e5 11. d5 Nd4 12. Nxd4 exd4 13. Ne2 c5 14. dxc6 bxc6
15. Nxd4 Rxb2 16. Nxc6 Qc7 17. Qc1 Qb6 18. Ne7+ Kg7 19. Be2 Be6 20. g4 Bxg4 21.
fxg4 Nxe4 22. Qf4 Rb1+ 23. Rxb1 Qxb1+ 24. Bd1 Re8 25. Nf5+ gxf5 26. O-O Qb6+ 27.
Kh1 Qc5 28. gxf5 Qe5 29. Qh4 Kh8 30. Bc2 Nf6 31. Rg1 Rg8 32. Rxg8+ Kxg8 33. Qg3+
Kf8 34. Qxe5 dxe5 35. Kg2 Ke7 36. c5 Kd7 37. Ba4+ Kc7 38. Bb3 Kc6 39. Bxf7 Kxc5
40. Kf3 Kd4 41. Ke2 Ke4 42. Be6 Kf4 43. Kf2 Ng4+ 44. Ke2 h5 45. a4 a5 46. Bc8 h4
47. Be6 Kg5 48. h3 Nf6 49. Ke3 Nh5 50. Ke4 Kf6 51. Kf3 Kg5 52. Ke4 Kf6 53. Kf3
Kg5 54. Ke4 Kf6 1/2-1/2

[Event "40th Olympiad Open"]
[Site "Istanbul TUR"]
[Date "2012.09.04"]
[Round "7.67"]
[Board "1"]
[White "Eichab, Charles"]
[Black "Gajadin, Dewperkash"]
[Result "1-0"]
[WhiteTitle "CM"]
[BlackTitle "FM"]
[WhiteElo "2034"]
[BlackElo "2185"]
[WhiteTeam "Namibia"]
[BlackTeam "Suriname"]
[WhiteFideId "15200051"]
[BlackFideId "8200041"]
[EventDate "2012.08.28"]

1. e4 e5 2. Nf3 Nc6 3. Bc4 Nf6 4. Ng5 d5 5. exd5 Na5 6. Bb5+ c6 7. dxc6 bxc6 8.
Qf3 Rb8 9. Ba4 Be7 10. O-O O-O 11. d3 c5 12. Nc3 Rb4 13. a3 Rb6 14. b3 Ng4 15.
Nge4 f5 16. Ng3 Bb7 17. Qe2 Qd4 18. Bb2 Nxh2 19. Rfe1 Qh4 20. Qh5 Qxh5 21. Nxh5
Ng4 22. f3 Nf6 23. Rxe5 Nxh5 24. Rxe7 Rg6 25. Kf2 Nf4 26. Rg1 Rf7 27. Re8+ Rf8
28. Re5 Nc6 29. Bxc6 Rxc6 30. Nd5 Ng6 31. Ne7+ Nxe7 32. Rxe7 Rf7 33. Rge1 Rc7
34. Re8+ Rf8 35. R1e7 Rxe8 36. Rxc7 Bc8 37. Rxg7+ Kf8 38. Rxh7 a6 39. Rc7 c4 40.
Rxc4 Kf7 41. Rc7+ Ke6 42. c4 Bd7 43. d4 Kd6 44. Ra7 Bc8 45. Bc1 Kc6 46. Bf4 Rh8
47. Be5 Rh1 48. Rc7+ 1-0

[Event "40th Olympiad Open"]
[Site "Istanbul TUR"]
[Date "2012.09.04"]
[Round "7.67"]
[Board "2"]
[White "Giasi, Viresh"]
[Black "Mueller, Leonhard"]
[Result "1/2-1/2"]
[BlackTitle "FM"]
[WhiteElo "1975"]
[BlackElo "2166"]
[WhiteTeam "Suriname"]
[BlackTeam "Namibia"]
[WhiteFideId "8200165"]
[BlackFideId "15200019"]
[EventDate "2012.08.28"]

1. e4 c5 2. Nf3 Nc6 3. d4 cxd4 4. Nxd4 g6 5. Nc3 Bg7 6. Be3 Nf6 7. f3 O-O 8. Qd2
d5 9. O-O-O dxe4 10. Nxc6 Qxd2+ 11. Rxd2 bxc6 12. Nxe4 Nd5 13. Bc5 Re8 14. Rd3
Be6 15. g3 Rab8 16. b3 Nb4 17. Bxb4 Rxb4 18. Bg2 Bd5 19. Rhd1 Bxe4 20. fxe4 Rb7
21. Rd7 Reb8 22. Rxb7 Rxb7 23. Rd8+ Bf8 24. Rc8 Rb6 25. Rc7 a5 26. a4 e6 27. Rc8
Kg7 28. Bf1 Ba3+ 29. Kd2 Be7 30. Ra8 Rb4 31. Bc4 Rb7 32. Ke2 Bb4 33. Rc8 Rd7 34.
Bd3 Rd6 35. e5 Rd5 36. Rxc6 Rxe5+ 37. Kf2 Kf6 38. Rc4 h5 39. Re4 Rf5+ 40. Kg2
Rd5 41. Re2 Ke7 42. Re4 f5 43. Rc4 Kd6 44. Be2 Rd2 45. Kf1 Bc5 46. Ke1 Rd4 47.
c3 Rxc4 48. Bxc4 g5 49. h3 Ke5 50. Ke2 Kd6 51. g4 h4 52. Kf3 Ke5 53. b4 axb4 54.
cxb4 Bxb4 55. Bb3 Ba5 56. Ba2 Kf6 57. Bb1 Ke5 58. Ba2 Bd8 59. Bb3 Bc7 60. Ba2
Kf6 61. Bb1 Ke5 1/2-1/2

[Event "40th Olympiad Open"]
[Site "Istanbul TUR"]
[Date "2012.09.04"]
[Round "7.67"]
[Board "3"]
[White "Nakapunda, Otto"]
[Black "Matoewi, Roger"]
[Result "0-1"]
[WhiteTitle "CM"]
[BlackTitle "CM"]
[WhiteElo "2021"]
[BlackElo "2089"]
[WhiteTeam "Namibia"]
[BlackTeam "Suriname"]
[WhiteFideId "15200027"]
[BlackFideId "8200084"]
[EventDate "2012.08.28"]

1. d4 Nf6 2. c4 g6 3. Nc3 Bg7 4. Nf3 d6 5. g3 O-O 6. Bg2 Nbd7 7. O-O c6 8. e4
Qc7 9. h3 Re8 10. Re1 e5 11. Be3 Nf8 12. Qc2 Nh5 13. Rad1 b6 14. Ne2 Ne6 15. Qd2
Ba6 16. b3 c5 17. dxc5 dxc5 18. Nc3 Nd4 19. Nd5 Qd6 20. g4 Nf6 21. Nxd4 cxd4 22.
Bh6 Nxd5 23. cxd5 Rac8 24. Bxg7 Kxg7 25. f4 d3 26. fxe5 Qxe5 27. Rc1 Rxc1 28.
Rxc1 Qd4+ 29. Kh2 Rc8 30. Rxc8 Bxc8 31. Bf3 Ba6 32. Kg2 Bb5 33. g5 a5 34. Kg3
Bd7 35. Kf4 Bxh3 36. Qe3 Qc3 37. Be2 Qc7+ 38. e5 dxe2 39. Qxe2 Qc1+ 40. Kg3 Qc3+
41. Kf4 Bf5 42. e6 Qd4+ 43. Kg3 fxe6 44. dxe6 Qd6+ 0-1

[Event "40th Olympiad Open"]
[Site "Istanbul TUR"]
[Date "2012.09.04"]
[Round "7.68"]
[Board "2"]
[White "Kirby, Peter J."]
[Black "Arosemena, Jorge Luis"]
[Result "0-1"]
[WhiteTitle "CM"]
[BlackTitle "FM"]
[WhiteElo "2007"]
[BlackElo "2092"]
[WhiteTeam "Guernsey"]
[BlackTeam "Panama"]
[WhiteFideId "409014"]
[BlackFideId "6600140"]
[EventDate "2012.08.28"]

1. e4 e5 2. Nc3 Nf6 3. Nf3 Nc6 4. d4 exd4 5. Nxd4 Bb4 6. Nxc6 bxc6 7. Bd3 O-O 8.
O-O d5 9. exd5 cxd5 10. Bg5 Be6 11. Nb5 Be7 12. Re1 c5 13. Bf4 c4 14. Be2 Qb6
15. Nc7 Ne4 16. Nxa8 Qxf2+ 17. Kh1 Qxf4 18. Rf1 Qh6 19. Qe1 Bd6 0-1

[Event "40th Olympiad Open"]
[Site "Istanbul TUR"]
[Date "2012.09.04"]
[Round "7.68"]
[Board "3"]
[White "Valdes, Rances"]
[Black "Rowe, Peter"]
[Result "1-0"]
[WhiteTitle "CM"]
[BlackTitle "CM"]
[WhiteElo "2139"]
[BlackElo "1987"]
[WhiteTeam "Panama"]
[BlackTeam "Guernsey"]
[WhiteFideId "6600239"]
[BlackFideId "10700099"]
[EventDate "2012.08.28"]

1. d4 d5 2. c4 e6 3. Nc3 Nf6 4. Bg5 Nbd7 5. cxd5 exd5 6. e3 c6 7. Bd3 Be7 8. Nf3
O-O 9. O-O Re8 10. Qb1 Ne4 11. Bxe4 Bxg5 12. Bxh7+ Kh8 13. Bf5 Bh6 14. Re1 Nf6
15. Ne5 Re7 16. Bxc8 Rxc8 17. Qf5 Rec7 18. Rad1 g6 19. Qf3 b5 20. Re2 Bf8 21.
Rc2 Kg7 22. Rdc1 Bd6 23. Ng4 Nxg4 24. Qxg4 f5 25. Qf3 Qe7 26. Ne2 Rh8 27. g3
Rhc8 28. Nf4 Qd7 29. Nd3 Kf6 30. h4 Qe7 31. Nf4 Qe4 32. Qxe4 fxe4 33. Ne2 Kf5
34. Kg2 Kg4 35. Nc3 a6 36. Ne2 Kf5 37. Kh3 g5 38. g4+ Kg6 39. h5+ Kg7 40. Ng3
Bxg3 41. Kxg3 Kh6 42. Rc3 Kg7 43. Ra3 Ra8 44. b4 Kf6 45. f3 exf3 46. Rf1 Ke6 47.
Rxf3 Rf7 48. Rxf7 Kxf7 49. Kf3 Ke6 50. Ke2 Kd6 51. Kd3 Re8 52. Ke2 Ra8 53. Rc3
Ra7 54. Kd3 a5 55. Ra3 a4 56. Rc3 Re7 57. Rc2 Re4 58. Rh2 Re7 59. a3 Kd7 60. Rf2
Re4 61. h6 Re6 62. Rh2 Re8 63. e4 dxe4+ 64. Ke3 Rh8 65. h7 Ke6 66. Kxe4 Kf6 67.
d5 cxd5+ 68. Kxd5 Kg7 69. Ke4 1-0

[Event "40th Olympiad Open"]
[Site "Istanbul TUR"]
[Date "2012.09.04"]
[Round "7.68"]
[Board "4"]
[White "Brookfield, Toby"]
[Black "Aizpurua, Patrick"]
[Result "0-1"]
[WhiteTitle "CM"]
[BlackTitle "CM"]
[WhiteElo "1823"]
[BlackElo "2113"]
[WhiteTeam "Guernsey"]
[BlackTeam "Panama"]
[WhiteFideId "10700234"]
[BlackFideId "6600522"]
[EventDate "2012.08.28"]

1. e4 e6 2. d4 d5 3. Nc3 Bb4 4. e5 c5 5. a3 Bxc3+ 6. bxc3 Qa5 7. Bd2 Qa4 8. h4
cxd4 9. cxd4 Qxd4 10. Nf3 Qe4+ 11. Be2 b6 12. Kf1 Ba6 13. Bxa6 Nxa6 14. h5 Rc8
15. c3 Qc4+ 16. Kg1 Nc5 17. Rh4 Qa6 18. Nd4 Ne4 19. Rxe4 dxe4 20. Qg4 Kf8 21.
Rb1 Ne7 22. Qxe4 Qc4 23. Qf3 Qd5 24. Qe2 Nc6 25. Nf3 h6 26. c4 Qd7 27. c5 bxc5
28. Rc1 Nd4 29. Nxd4 cxd4 30. Bb4+ Kg8 31. Rd1 Qd5 32. Qa6 Rc7 33. Bd6 Rb7 34.
Qa4 d3 35. Rc1 Kh7 36. Qf4 Rd8 37. Rc7 Rxc7 38. Bxc7 d2 0-1